000 00893nam a22003017a 4500
001 BR7701908
003 BR-BrBNA
005 20230928085238.0
007 ta
008 230509b bl.||||| |||| 00| 0 por d
040 _aBR-BrBNA
_bpor
_cBiblioteca Nacional de Agricultura
041 _a(Por)
072 _aE15; E30
_b2110
090 _ 2110 BR7701908
110 1 _aAssociacao de Credito e Assistencia Rural do Estado do Para, Belem (Brasil)
_9493
245 1 _aCacau. Diagnostico da cultura no Estado do Para [Credito rural; Assistencia tecnica; Brasil]
260 3 _aBelem, PA (Brasil):
_c1977.
300 _a23 p.
500 _a9 tables; 3 graphs
650 _aMicroeconomia
650 _aDesenvolvimento agricola
650 _aCacau
650 _aAssistencia tecnica
650 _aCredito rural
650 _aPara
909 _a202309
_bLucia
_c55
_dLucia Elande
942 _cBK
999 _c23474
_d23474